000 00340nam a2200157Ia 4500
100 _aSudha Murty
650 _aGenera;
942 _cBK
366 _f15
654 _awise
245 _aWise and otherwise a salute to life
260 _bEast West Press
_aMumbai
_c2002
082 _a802/MUR
_bMUR
300 _a188
546 _aENGLISH
999 _c27809
_d27809